La mente del estratega: el triunfo de los japoneses en el mundo de los negocios
সংরক্ষণ করুন:
| প্রধান লেখক: | |
|---|---|
| বিন্যাস: | গ্রন্থ |
| ভাষা: | স্প্যানিশ |
| প্রকাশিত: |
Ciudad de México
McGraw Hill
1983
|
| বিষয়গুলি: | |
| ট্যাগগুলো: |
ট্যাগ যুক্ত করুন
কোনো ট্যাগ নেই, প্রথমজন হিসাবে ট্যাগ করুন!
|
MARC
| LEADER | 00000nam a2200000 a 4500 | ||
|---|---|---|---|
| 001 | UCR9331 | ||
| 003 | CL-VaPUC | ||
| 008 | 980613e19830000MX |||||||||||||||||spa|d | ||
| 082 | 0 | 4 | |a 658.401 |b OHM |2 21 |
| 100 | |a Ohmae, Kenichi |e autor |9 411742 | ||
| 245 | 1 | 3 | |a La mente del estratega: el triunfo de los japoneses en el mundo de los negocios |
| 300 | |a 299 p | ||
| 942 | |c BK | ||
| 945 | |d 19980613 00:00:00 |a crobeson | ||
| 260 | |a Ciudad de México |b McGraw Hill |c 1983 | ||
| 650 | 0 | |a Planificación estratégica |9 259735 | |
| 650 | 7 | |a ESTRATEGIAS DE DESARROLLO |2 CL-VaPUC |9 411743 | |
| 650 | 0 | |a Operaciones administrativas |9 335045 | |
| 650 | 0 | |a Administración financiera |9 261146 | |
| 650 | 0 | |a Comercialización |9 259326 | |
| 650 | 7 | |a PLANIFICACION ECONOMICA |2 CL-VaPUC |9 321496 | |
| 650 | 0 | |a Gestión |9 260993 | |
| 583 | |a last modification |c 19980613 00:00:00 |k Rodrigo Vera | ||
| 999 | |c 270530 |d 270528 | ||
| 952 | |0 0 |1 0 |4 0 |6 658_401000000000000_OHM_1983 |7 0 |8 A |9 304850 |a BIBENE |b BIBENE |d 2019-11-20 |i 1411098 |o 658.401 OHM 1983 |p 1411098 |r 2025-01-15 |w 2019-11-20 |y BK |k ICO | ||
| 952 | |0 0 |1 0 |4 0 |6 658_401000000000000_OHM_1983 |7 0 |8 A |9 304851 |a BIBENE |b BIBENE |d 2019-11-20 |i 1438425 |o 658.401 OHM 1983 |p 1438425 |r 2025-01-15 |w 2019-11-20 |y BK |k ICO | ||